000 00300nam a22001337a 4500
008 170911b xxu||||| |||| 00| 0 eng d
020 _a9780713991000
041 _aeng
080 _a53
100 _a43
101 _aFIZ
245 _aMETAPHYSICS AS A GUIDE TO MORALS
_cMURDOCH,I
942 _2udc
_cBK
999 _c27167
_d27167